Países de los que son las islas más grandes del mundo - Estadísticas

Estadísticas generales
  • Esta prueba ha sido intentada 111 veces
    75 desde el último reinicio
  • La puntuación promedio es 19 de 35
Estadísticas de respuestas
Isla País/es % Correcto
Groenlandia Dinamarca
97%
Gran Bretaña Reino Unido
91%
Irlanda Irlanda/Reino Unido
90%
Madagascar Madagascar
88%
Nueva Guinea Indonesia/Papúa Nueva Guinea
85%
Borneo Brunei/Indonesia/Malasia
82%
Islandia Islandia
81%
Sri Lanka Sri Lanka
81%
Sumatra Indonesia
78%
Honshu Japón
76%
La Española Haití/República Dominicana
73%
Tasmania Australia
72%
Terranova Canadá
72%
Hokkaido Japón
72%
Java Indonesia
69%
Isla Grande de Tierra del Fuego Argentina/Chile
66%
Isla de Baffin Canadá
61%
Isla Victoria Canadá
58%
Luzón Filipinas
54%
Isla Sur Nueva Zelanda
54%
Isla Norte Nueva Zelanda
54%
Mindanao Filipinas
48%
Isla Ellesmere Canadá
46%
Isla Banks Canadá
42%
Célebes Indonesia
39%
Isla de Sajalín Rusia
37%
Isla Devon Canadá
33%
Isla Southamptón Canadá
30%
Spitsbergen Noruega
28%
Isla Séverny Rusia
25%
Isla Melville Canadá
21%
Isla Axel Heiberg Canadá
18%
Marajó Brasil
12%
Isla Alejandro I Tratado Antártico
10%
Isla Berkner Tratado Antártico
7%
No se encontraron pruebas coincidentes
Distribución de puntuación
Porcentaje de gente con cada puntuación
Porcentaje por número respondido
Historial de tus puntuaciones
No has intentado esta prueba desde el último reinicio